Adobe Flash CS4 Professional : 100 nejlepších postupů
Uložené v:
| Hlavný autor: | |
|---|---|
| Médium: | Kniha |
| Jazyk: | Czech |
| Vydavateľské údaje: |
Brno :
Computer Press,
2009
|
| Vydanie: | 1.vyd. |
| Tagy: |
Žiadne tagy, Buďte prvý, kto otaguje tento záznam!
|
MARC
| LEADER | 00000nam a22000003a 4500 | ||
|---|---|---|---|
| 001 | stu202550 | ||
| 005 | 20150617230054.2 | ||
| 008 | 100420s2009----xr------------------cze-d | ||
| 020 | |a 978-80-251-2333-1 | ||
| 040 | |a STU |b slo | ||
| 041 | 0 | |a cze | |
| 044 | |a xr | ||
| 100 | 1 | |a Schaeffer, Mark |4 aut | |
| 245 | 1 | |a Adobe Flash CS4 Professional : |b 100 nejlepších postupů | |
| 250 | |a 1.vyd. | ||
| 260 | |a Brno : |b Computer Press, |c 2009 | ||
| 300 | |a 264 s | ||
| 500 | |a prel. z angl.orig. | ||
| 996 | |c V*50744/O-22701 |l VV23 |s P |a 0 |w stu202550_0001 | ||